000
00283nam a2200145Ia 4500
100
_a
ADC
650
_a
Computers
942
_c
BK
245
_a
Learning COCOA
260
_b
Oreilly
_a
New Delhi
_c
2001
082
_a
005.133/ADC
300
_a
366
546
_a
ENGLISH
999
_c
19023
_d
19023